MARC

LEADER 00000nam0a2200000 4500
001 105544
005 20231101214621.0
035 |a (RuTPU)RU\TPU\book\113890 
090 |a 105544 
100 |a 20061117d1965 m y0rusy50 ca 
101 0 |a rus 
102 |a RU 
105 |a a j 001zy 
200 1 |a Теоретическая электрохимия  |e учебник для втузов  |f Л. И. Антропов 
210 |a Москва  |c Высшая школа  |d 1965 
215 |a 509 с.  |c ил. 
300 |a Авт. указан на пер. 
320 |a Библиогр.: с. 497-498 
606 |a Электрохимия теоретическая  |2 stltpush  |3 (RuTPU)RU\TPU\subj\21018  |9 46070 
610 1 |a электролиты 
610 1 |a растворы 
610 1 |a равновесие 
610 1 |a неравновесные явления 
610 1 |a электроды 
610 1 |a электрод-электролит 
610 1 |a кинетика 
610 1 |a учебники 
675 |a 544.6(075.8)  |v 3 
700 1 |a Антропов  |b Л. И.  |g Лев Иванович 
801 1 |a RU  |b 63413507  |c 20061117  |g PSBO 
801 2 |a RU  |b 63413507  |c 20220324  |g PSBO 
942 |c BK